[Event "Abu Dhabi op 29th"]
[Site "Abu Dhabi"]
[Date "2023.08.22"]
[Round "7"]
[White "Aditya, Vikram Paul"]
[Black "Musyuk, Lior"]
[Result "0-1"]
[WhiteElo "2404"]
[BlackElo "2322"]
[PlyCount "54"]
[EventDate "2023.08.16"]
[EventType "swiss"]
[EventRounds "9"]
[EventCountry "UAE"]
[SourceTitle "EXT 2024"]
[Source "ChessBase"]
[SourceDate "2023.10.10"]
[SourceVersion "1"]
[SourceVersionDate "2023.10.10"]
[SourceQuality "1"]

1. d4 d5 2. c4 c6 3. Nf3 Nf6 4. Nc3 e6 5. Bg5 dxc4 6. e4 b5 7. e5 h6 8. Bh4 g5 9. Nxg5 hxg5 10. Bxg5 Be7 11. exf6 Bxf6 12. Bxf6 Qxf6 13. g3 Na6 14. Bg2 Bb7 15. a4 0-0-0 16. axb5 cxb5 17. Bxb7+ Kxb7 18. Nxb5 Qf5 19. Nc3 Nb4 20. 0-0 Nc2 21. Qe2 Nxa1 22. Rxa1 Rxd4 23. Ra4 Qh5 24. Rb4+ Ka8 25. f3 Qc5 26. Qf2 Rxh2 27. Qe3 Rhd2 0-1

[Event "ISR-chT"]
[Site "Israel"]
[Date "2023.05.12"]
[Round "11.2"]
[White "Musyuk, Lior"]
[Black "Mikhalevski, Victor"]
[Result "0-1"]
[WhiteElo "2341"]
[BlackElo "2516"]
[PlyCount "84"]
[EventDate "2023.01.11"]
[EventType "team-tourn"]
[EventRounds "11"]
[EventCountry "ISR"]
[SourceTitle "EXT 2024"]
[Source "ChessBase"]
[SourceDate "2023.10.10"]
[SourceVersion "1"]
[SourceVersionDate "2023.10.10"]
[SourceQuality "1"]
[WhiteTeam "Ashdod II"]
[BlackTeam "Beer Sheva"]
[WhiteTeamCountry "ISR"]
[BlackTeamCountry "ISR"]

1. Nf3 d5 2. g3 g6 3. Bg2 Bg7 4. d4 c6 5. 0-0 Nf6 6. c4 0-0 7. Qb3 a5 8. Nc3 a4 9. Qb4 dxc4 10. Qxc4 Bf5 11. Ne5 Nfd7 12. Qb4 Nxe5 13. dxe5 Qa5 14. Qxa5 Rxa5 15. f4 f6 16. e4 Be6 17. exf6 exf6 18. Be3 Re8 19. Rad1 Bf8 20. Bb6 Ra6 21. Bd4 Nd7 22. Rfe1 a3 23. Bf2 Raa8 24. bxa3 Rxa3 25. Ne2 Nc5 26. Nc1 Bxa2 27. Nxa2 Rxa2 28. e5 fxe5 29. fxe5 Ne6 30. Bf1 Rc2 31. Rc1 Rd2 32. Be3 Rd7 33. Bc4 Kg7 34. Rcd1 Rxd1 35. Rxd1 Bc5 36. Rd7+ Kh8 37. Kf2 b6 38. Rb7 Ng5 39. Bxc5 bxc5 40. Ke3 Rxe5+ 41. Kf4 Rf5+ 42. Kg4 Ne4 0-1

[Event "Ramat Gan Lag BaOmer op"]
[Site "Ramat Gan"]
[Date "2023.05.08"]
[Round "3"]
[White "Musyuk, Lior"]
[Black "Malachi, Avraham"]
[Result "1-0"]
[WhiteElo "2337"]
[BlackElo "1921"]
[PlyCount "75"]
[EventDate "2023.05.08"]
[EventType "swiss (rapid)"]
[EventRounds "5"]
[EventCountry "ISR"]
[SourceTitle "CBM 214 Extra"]
[Source "ChessBase"]
[SourceDate "2023.07.31"]
[SourceVersion "1"]
[SourceVersionDate "2023.07.31"]
[SourceQuality "1"]

1. Nf3 Nf6 2. g3 g6 3. Bg2 Bg7 4. 0-0 0-0 5. d4 d5 6. c4 c6 7. Qb3 a5 8. Nc3 a4 9. Qb4 dxc4 10. Qxc4 b5 11. Qd3 b4 12. Ne4 Ba6 13. Nxf6+ Bxf6 14. Qc2 Bb5 15. Bh6 Bg7 16. Bxg7 Kxg7 17. Rfd1 Qd6 18. Ne5 f6 19. Nc4 Qc7 20. Ne3 Rc8 21. Rac1 Qd6 22. h4 b3 23. axb3 axb3 24. Qxb3 Bxe2 25. Re1 Bb5 26. Nd5 Re8 27. Nf4 e5 28. dxe5 fxe5 29. Bh3 Na6 30. Ne6+ Kh8 31. Ng5 Qd5 32. Qc3 Qd4 33. Rxe5 Qxc3 34. Rxc3 Rxe5 35. Nf7+ Kg7 36. Nxe5 Rd8 37. Nxc6 Rd2 38. b3 1-0

[Event "Abu Dhabi Masters 28th"]
[Site "Abu Dhabi"]
[Date "2022.08.18"]
[Round "2"]
[White "Gagare, Shardul"]
[Black "Musyuk, Lior"]
[Result "1-0"]
[WhiteElo "2521"]
[BlackElo "2302"]
[PlyCount "91"]
[EventDate "2022.08.17"]
[EventType "swiss"]
[EventRounds "9"]
[EventCountry "UAE"]
[SourceTitle "CBM 209 Extra"]
[Source "ChessBase"]
[SourceDate "2022.09.30"]
[SourceVersion "1"]
[SourceVersionDate "2022.09.30"]
[SourceQuality "1"]

1. d4 d5 2. c4 e6 3. Nf3 Nf6 4. g3 dxc4 5. Bg2 Nc6 6. 0-0 Rb8 7. e3 Be7 8. Qe2 b5 9. Rd1 Bb7 10. Nc3 Na5 11. a3 Ne4 12. Nxb5 a6 13. Nc3 Nxc3 14. bxc3 f5 15. Ne1 0-0 16. Ra2 Qd7 17. a4 Bc6 18. Bd2 Rb3 19. e4 fxe4 20. Nc2 Bd5 21. Ne3 c5 22. Qg4 h5 23. Qxh5 cxd4 24. cxd4 c3 25. Be1 Nc6 26. Rc2 Bb4 27. Qg4 Ne7 28. Nxd5 Nxd5 29. Qxe4 Rc8 30. Bf1 Nf6 31. Qe5 Rc6 32. Bd3 Qd5 33. Qe2 Qd6 34. Bc4 Ra3 35. Qd3 Nd5 36. Rb1 Rxa4 37. Re2 Ra3 38. Bb3 a5 39. Bc2 Nf6 40. h4 Qd5 41. Re5 Qc4 42. Qg6 Qxd4 43. Rg5 Nd7 44. Rd1 Nf8 45. Qh6 Qa7 46. Rd8 1-0

[Event "ISR-chT"]
[Site "Israel"]
[Date "2022.01.15"]
[Round "2.2"]
[White "Tarnopolsky, Anatoly"]
[Black "Musyuk, Lior"]
[Result "1/2-1/2"]
[WhiteElo "2317"]
[BlackElo "2324"]
[PlyCount "20"]
[EventDate "2022.01.14"]
[EventType "team-tourn"]
[EventRounds "11"]
[EventCountry "ISR"]
[SourceTitle "EXT 2023"]
[Source "ChessBase"]
[SourceDate "2022.10.05"]
[SourceVersion "1"]
[SourceVersionDate "2022.10.05"]
[SourceQuality "1"]
[WhiteTeam "Petah Tikva"]
[BlackTeam "Ashdod"]
[WhiteTeamCountry "ISR"]
[BlackTeamCountry "ISR"]

1. d4 d5 2. c4 c6 3. cxd5 cxd5 4. Nc3 Nf6 5. Nf3 Nc6 6. Bf4 Bf5 7. e3 e6 8. Qb3 Bb4 9. Bb5 0-0 10. 0-0 Qe7 1/2-1/2

[Event "Budapest FS11 GM"]
[Site "Budapest"]
[Date "2021.11.12"]
[Round "7"]
[White "Pap, Misa"]
[Black "Musyuk, Lior"]
[Result "1-0"]
[WhiteElo "2377"]
[BlackElo "2350"]
[PlyCount "111"]
[EventDate "2021.11.06"]
[EventType "tourn"]
[EventRounds "11"]
[EventCountry "HUN"]
[EventCategory "6"]
[SourceTitle "CBM 205 Extra"]
[Source "ChessBase"]
[SourceDate "2022.01.31"]
[SourceVersion "1"]
[SourceVersionDate "2022.01.31"]
[SourceQuality "1"]

1. e4 c6 2. d4 d5 3. Nd2 dxe4 4. Nxe4 Bf5 5. Ng3 Bg6 6. h4 h6 7. Nh3 Nd7 8. Nf4 Bh7 9. Bc4 e5 10. Qe2 Qe7 11. dxe5 Qxe5 12. Be3 Bb4+ 13. Kf1 Bd6 14. Re1 Ngf6 15. Nd3 Bxd3 16. Qxd3 0-0-0 17. f4 Qxb2 18. Qxd6 Nb6 19. Be6+ fxe6 20. Qxe6+ Kb8 21. Qe5+ Qxe5 22. fxe5 Nfd5 23. Bxb6 axb6 24. Kg1 Nf4 25. Re4 Rhf8 26. Kh2 Rd2 27. Rg1 Ne6 28. Rg4 g5 29. Ne4 Re2 30. hxg5 hxg5 31. Rd1 Rh8+ 32. Kg1 Rxc2 33. Nf6 Nf4 34. Rf1 Ne2+ 35. Kf2 Nf4+ 36. Kf3 Ne6 37. Ke4 Re2+ 38. Kf5 Ng7+ 39. Kg6 Ne6 40. Kf5 Ng7+ 41. Kg6 Ne6 42. Nd7+ Kc7 43. Rf7 Rg8+ 44. Kf6 Nd8 45. Rh7 Rf2+ 46. Ke7 Re2 47. Nf8 Rf2 48. Ne6+ Nxe6 49. Kxe6+ Kc8 50. Ke7 Re2 51. Kf7 Rd8 52. e6 Rd6 53. Rh6 Re5 54. Rf6 b5 55. e7 Rd7 56. Re6 1-0

[Event "Budapest FS11 GM"]
[Site "Budapest"]
[Date "2021.11.11"]
[Round "6"]
[White "Musyuk, Lior"]
[Black "Prraneeth, Vuppala"]
[Result "0-1"]
[WhiteElo "2350"]
[BlackElo "2275"]
[PlyCount "74"]
[EventDate "2021.11.06"]
[EventType "tourn"]
[EventRounds "11"]
[EventCountry "HUN"]
[EventCategory "6"]
[SourceTitle "CBM 205 Extra"]
[Source "ChessBase"]
[SourceDate "2022.01.31"]
[SourceVersion "1"]
[SourceVersionDate "2022.01.31"]
[SourceQuality "1"]

1. Nf3 d5 2. g3 g6 3. Bg2 Bg7 4. d4 c6 5. 0-0 Nf6 6. c4 dxc4 7. a4 Ne4 8. Qc2 Nd6 9. Ne5 a5 10. Na3 Na6 11. Bd2 0-0 12. Naxc4 Nxc4 13. Nxc4 Qxd4 14. Bxa5 Bf5 15. e4 Be6 16. Rac1 Nc5 17. Bb6 Bxc4 18. Bxc5 Qxc5 19. Qxc4 Qb6 20. b3 Rfd8 21. Rcd1 Bd4 22. Rd3 Bc5 23. Bf3 Bd4 24. Qc2 Ra5 25. Qd2 e5 26. Kg2 Kg7 27. Bd1 Raa8 28. f4 f6 29. b4 exf4 30. gxf4 c5 31. bxc5 Bxc5 32. Bb3 Rxd3 33. Qxd3 Rd8 34. Bd5 Qb2+ 35. Kh1 b6 36. Qc4 Qd2 37. Qc1 Rxd5 0-1

[Event "Budapest FS11 GM"]
[Site "Budapest"]
[Date "2021.11.08"]
[Round "3"]
[White "Musyuk, Lior"]
[Black "Popovic, Dusan"]
[Result "1-0"]
[WhiteElo "2350"]
[BlackElo "2469"]
[PlyCount "87"]
[EventDate "2021.11.06"]
[EventType "tourn"]
[EventRounds "11"]
[EventCountry "HUN"]
[EventCategory "6"]
[SourceTitle "CBM 205 Extra"]
[Source "ChessBase"]
[SourceDate "2022.01.31"]
[SourceVersion "1"]
[SourceVersionDate "2022.01.31"]
[SourceQuality "1"]

1. Nf3 g6 2. g3 Bg7 3. d4 d6 4. Bg2 Nd7 5. 0-0 e5 6. c4 Ne7 7. dxe5 dxe5 8. Nc3 0-0 9. e4 Nc6 10. Bg5 f6 11. Be3 Rf7 12. a3 a5 13. Qa4 Nb6 14. Bxb6 cxb6 15. Rfd1 Bd7 16. Qb3 a4 17. Nxa4 Nd4 18. Rxd4 exd4 19. Nxb6 Rb8 20. c5 Bc6 21. Bf1 Kf8 22. Bc4 Re7 23. Bd5 f5 24. Bxc6 bxc6 25. Ng5 Bf6 26. Ne6+ Rxe6 27. Qxe6 Kg7 28. e5 Bg5 29. Qxc6 Kh6 30. Qd6 Qe8 31. e6 d3 32. Rd1 Be7 33. Qf4+ Bg5 34. Qd6 Be7 35. Qxd3 Bxc5 36. Qd2+ g5 37. Nd7 Rd8 38. Nxc5 Rxd2 39. Rxd2 f4 40. b4 f3 41. Rd3 Qf8 42. Re3 Qf5 43. Nd3 Qh3 44. Ne1 1-0

[Event "Dov Porat Rapid-A"]
[Site "Ramat Gan"]
[Date "2021.09.22"]
[Round "4"]
[White "Erenberg, Ariel"]
[Black "Musyuk, Lior"]
[Result "1-0"]
[WhiteElo "2512"]
[BlackElo "2348"]
[PlyCount "57"]
[EventDate "2021.09.22"]
[EventType "swiss (rapid)"]
[EventRounds "9"]
[EventCountry "ISR"]
[SourceTitle "CBM 204 Extra"]
[Source "ChessBase"]
[SourceDate "2021.11.30"]
[SourceVersion "1"]
[SourceVersionDate "2021.11.30"]
[SourceQuality "1"]

1. d4 d5 2. c4 c6 3. Nf3 Nf6 4. Nc3 e6 5. Bg5 dxc4 6. e4 b5 7. e5 h6 8. Bh4 g5 9. Nxg5 hxg5 10. Bxg5 Be7 11. exf6 Bxf6 12. Bxf6 Qxf6 13. a4 Rh4 14. axb5 Rxd4 15. Qh5 cxb5 16. Be2 Rh4 17. Qf3 Qe5 18. Qxa8 b4 19. Nd1 c3 20. bxc3 Re4 21. 0-0 Rxe2 22. Qxa7 Bd7 23. cxb4 Nc6 24. Qa8+ Ke7 25. Ne3 Nd4 26. Rad1 Qg7 27. Qe4 Rxe3 28. Qxe3 Bc6 29. f3 1-0

[Event "ISR-ch U16"]
[Site "HaKfar HaYarok"]
[Date "2021.03.22"]
[Round "3"]
[White "Musyuk, Lior"]
[Black "Zaromb, Charles Irving"]
[Result "1/2-1/2"]
[WhiteElo "2300"]
[BlackElo "1886"]
[PlyCount "70"]
[EventDate "2021.03.19"]
[EventType "swiss"]
[EventRounds "9"]
[EventCountry "ISR"]
[SourceTitle "EXT 2022"]
[Source "ChessBase"]
[SourceDate "2021.10.06"]
[SourceVersion "1"]
[SourceVersionDate "2021.10.06"]
[SourceQuality "1"]

1. e4 e6 2. d4 d5 3. Nc3 Bb4 4. Nge2 dxe4 5. a3 Bxc3+ 6. Nxc3 Nc6 7. d5 exd5 8. Qxd5 Be6 9. Qxe4 Nf6 10. Qh4 Bf5 11. Bb5 Bxc2 12. 0-0 0-0 13. Bg5 Nd4 14. Rad1 c5 15. Rd2 Bg6 16. Bc4 Qb6 17. Qh3 Ne4 18. Nxe4 Bxe4 19. f3 Bf5 20. Qh4 Rac8 21. Be3 Be6 22. Bxd4 cxd4 23. Bxe6 d3+ 24. Qf2 Qxf2+ 25. Rfxf2 fxe6 26. Rxd3 Rc7 27. Re2 Kf7 28. f4 Re8 29. Rde3 Ree7 30. Re5 g6 31. h4 Rc6 32. h5 Rd7 33. Kf2 Rd3 34. g3 Kf6 35. Kg2 Rb6 1/2-1/2

[Event "Elitzur Int Online"]
[Site "Chess.com INT"]
[Date "2020.11.01"]
[Round "6"]
[White "Musyuk, Lior"]
[Black "Parkhov, Yair"]
[Result "1-0"]
[WhiteElo "2285"]
[BlackElo "2411"]
[PlyCount "67"]
[EventDate "2020.11.01"]
[EventType "swiss (blitz)"]
[EventRounds "11"]
[EventCountry "ISR"]
[SourceTitle "CBM 199 Extra"]
[Source "ChessBase"]
[SourceDate "2021.01.31"]
[SourceVersion "1"]
[SourceVersionDate "2021.01.31"]
[SourceQuality "1"]

1. e4 d6 2. d4 g6 3. Nc3 Bg7 4. Be3 a6 5. a4 Nc6 6. Qd2 Nf6 7. f3 e5 8. Nge2 exd4 9. Nxd4 0-0 10. h4 d5 11. Nxc6 bxc6 12. e5 Nh5 13. g4 Ng3 14. Rh3 Nxf1 15. Kxf1 Bxe5 16. Bh6 Bg7 17. h5 Qf6 18. Bxg7 Qxg7 19. hxg6 fxg6 20. Kg2 Rb8 21. Rah1 h5 22. Rh4 Rb4 23. Nxd5 Rd4 24. Ne7+ Kf7 25. Qe3 Be6 26. Nxc6 Rd6 27. Ne5+ Kg8 28. gxh5 gxh5+ 29. Kf2 Qh7 30. Rxh5 Qxc2+ 31. Kg3 Bf5 32. Rh8+ Kg7 33. Qg5+ Rg6 34. R1h7# 1-0

[Event "ISR-chT"]
[Site "Israel"]
[Date "2020.09.05"]
[Round "10.5"]
[White "Gorshtein, Ido"]
[Black "Musyuk, Lior"]
[Result "1-0"]
[WhiteElo "2372"]
[BlackElo "2327"]
[PlyCount "121"]
[EventDate "2020.01.10"]
[EventType "team-tourn"]
[EventRounds "11"]
[EventCountry "ISR"]
[SourceTitle "EXT 2021"]
[Source "ChessBase"]
[SourceDate "2020.10.23"]
[SourceVersion "1"]
[SourceVersionDate "2020.10.23"]
[SourceQuality "1"]
[WhiteTeam "Kfar Saba Hapoel"]
[BlackTeam "Ashdod A"]
[WhiteTeamCountry "ISR"]
[BlackTeamCountry "ISR"]

1. c4 c5 2. Nc3 Nc6 3. g3 g6 4. Bg2 Bg7 5. b3 e6 6. Ba3 d6 7. e3 Nge7 8. Nge2 Nf5 9. 0-0 0-0 10. d3 Bd7 11. Qd2 Rb8 12. Rad1 a6 13. Ne4 b6 14. d4 Be8 15. d5 exd5 16. Qxd5 Ne5 17. Nf4 Bc6 18. Qd2 Qc7 19. Nd5 Bxd5 20. Qxd5 Rfd8 21. Qd2 b5 22. Qe2 bxc4 23. bxc4 Qa5 24. Bc1 Qb4 25. Nd2 Ne7 26. a3 Qb6 27. Ne4 h6 28. Qc2 f5 29. Nc3 Qb3 30. Qxb3 Rxb3 31. Nd5 Nxd5 32. Bxd5+ Kf8 33. e4 fxe4 34. Bxe4 Nxc4 35. Bxg6 Ne5 36. Be4 c4 37. Kg2 c3 38. Rfe1 Rb5 39. a4 Ra5 40. Bc2 Nc6 41. Re4 d5 42. Re6 Nd4 43. Ba3+ Kg8 44. Rxd4 Bxd4 45. Bb4 Rc5 46. Bxc5 Bxc5 47. Rxa6 Rb8 48. Rc6 Bd4 49. Re6 Rb2 50. Re2 Kg7 51. f4 Bc5 52. Kf3 Ra2 53. g4 Ra1 54. g5 h5 55. f5 Rf1+ 56. Kg3 Bd6+ 57. Kg2 Rf4 58. f6+ Kf7 59. Rf2 Rh4 60. g6+ Kg8 61. Bf5 1-0

[Event "Petah Tikva Elitzur IM-A"]
[Site "Petah Tikva"]
[Date "2020.07.23"]
[Round "3"]
[White "Musyuk, Lior"]
[Black "Dvoirys, Semen I"]
[Result "1/2-1/2"]
[WhiteElo "2343"]
[BlackElo "2482"]
[PlyCount "48"]
[EventDate "2020.07.16"]
[EventType "tourn"]
[EventRounds "9"]
[EventCountry "ISR"]
[EventCategory "6"]
[SourceTitle "EXT 2021"]
[Source "ChessBase"]
[SourceDate "2020.10.23"]
[SourceVersion "1"]
[SourceVersionDate "2020.10.23"]
[SourceQuality "1"]

1. e4 c5 2. Nf3 d6 3. Bb5+ Nc6 4. 0-0 Bd7 5. Re1 Nf6 6. c3 a6 7. Bf1 e5 8. d4 cxd4 9. cxd4 Bg4 10. Be3 exd4 11. Bxd4 Be7 12. Nc3 0-0 13. Be3 Re8 14. Be2 Bf8 15. h3 Bh5 16. Bg5 h6 17. Bxf6 Qxf6 18. Nd5 Qd8 19. Qb3 b5 20. Rac1 Rc8 21. Rxc6 Rxc6 22. Nd4 Qa5 23. Rd1 Bxe2 24. Nxc6 Qa4 1/2-1/2

[Event "Petah Tikva Elitzur IM-A"]
[Site "Petah Tikva"]
[Date "2020.07.19"]
[Round "2"]
[White "Kupervaser, Erez"]
[Black "Musyuk, Lior"]
[Result "1-0"]
[WhiteElo "2375"]
[BlackElo "2343"]
[PlyCount "39"]
[EventDate "2020.07.16"]
[EventType "tourn"]
[EventRounds "9"]
[EventCountry "ISR"]
[EventCategory "6"]
[SourceTitle "EXT 2021"]
[Source "ChessBase"]
[SourceDate "2020.10.23"]
[SourceVersion "1"]
[SourceVersionDate "2020.10.23"]
[SourceQuality "1"]

1. e4 c5 2. Nf3 Nc6 3. Nc3 e5 4. Bc4 Be7 5. d3 d6 6. 0-0 Nf6 7. Ng5 0-0 8. f4 Bg4 9. Qe1 exf4 10. Bxf4 Nd4 11. Qd2 h6 12. Nf3 Nxf3+ 13. gxf3 Bh3 14. Kh1 Bxf1 15. Rxf1 Qd7 16. Qg2 Kh8 17. Rg1 Nh5 18. Be3 a6 19. Nd5 Bd8 20. Nf4 1-0

[Event "EU-ch Online U2300 Qual"]
[Site "Chess.com INT"]
[Date "2020.05.25"]
[Round "2"]
[White "Musyuk, Lior"]
[Black "Abbasov, Amil Habil Oglu"]
[Result "0-1"]
[WhiteElo "2343"]
[BlackElo "2172"]
[PlyCount "90"]
[EventDate "2020.05.25"]
[EventType "swiss"]
[EventRounds "8"]
[EventCountry "NET"]
[SourceTitle "EXT 2021"]
[Source "ChessBase"]
[SourceDate "2020.10.23"]
[SourceVersion "1"]
[SourceVersionDate "2020.10.23"]
[SourceQuality "1"]

1. e4 c5 2. Nf3 Nc6 3. Nc3 g6 4. d4 cxd4 5. Nxd4 Bg7 6. Be3 Nf6 7. Be2 0-0 8. 0-0 d5 9. Nxc6 bxc6 10. e5 Nd7 11. f4 e6 12. Na4 Qa5 13. c3 Qc7 14. Nc5 Nxc5 15. Bxc5 Re8 16. Qd4 Bf8 17. Bxf8 Rxf8 18. b4 a5 19. a3 Ba6 20. Bxa6 Rxa6 21. Kf2 Rfa8 22. Rad1 axb4 23. axb4 c5 24. Qxc5 Rc6 25. Qd4 Rc4 26. Qd2 Qb6+ 27. Kg3 Ra3 28. Rf3 Qc7 29. h3 Raxc3 30. Rxc3 Rxc3+ 31. Kh2 Rc2 32. Qd4 Rc4 33. Qd2 Rc2 34. Qd4 Re2 35. b5 Re4 36. Qf2 Rb4 37. Qe2 Qb8 38. Rc1 Rxb5 39. Rc8+ Qxc8 40. Qxb5 Qc4 41. Qe8+ Kg7 42. g3 Qc2+ 43. Kg1 Qc7 44. h4 h5 45. g4 Qc1+ 0-1